| 000 | 01439cas a2200361 a 4500 | ||
|---|---|---|---|
| 008 | 900618c19909999ja ar 0 0eng c | ||
| 010 | _a 91642059 | ||
| 022 | _a0915-0986 | ||
| 040 |
_aUkNcU _beng _cUkNcU _dWU _dDLC _dNST _dMH _dDLC _dNST _dInU _dMH _dNLGGC _dDLC _dCaQMU _dOCoLC _dCLU _dUKMGB _dNNC _dOCoLC _dMiU _dMH _dCoU |
||
| 041 | 0 |
_aeng _ajpn _bjpn |
|
| 043 | _aa-ja--- | ||
| 050 | 0 | 0 |
_aDS820.8 _b.J37 |
| 092 | 0 | 4 |
_a952.005 _bJ357 _221 |
| 099 |
_a04 _a952.005 J357 |
||
| 245 | 0 | 0 |
_aJapan review : _bbulletin of the International Research Center for Japanese Studies = Nichibunken. |
| 246 | 1 |
_iIssues for <2005-> have subtitle: _aJournal of the International Research Center for Japanese Studies |
|
| 246 | 3 | 1 | _aNichibunken |
| 260 |
_aKyoto, Japan : _bJournal of the International Research Center for Japanese Studies, _c[1990]- |
||
| 300 |
_av. : _bill. ; _c26 cm. |
||
| 310 | _aAnnual | ||
| 362 | 0 | _aNo. 1 (1990)- | |
| 500 | _aTitle from cover. | ||
| 546 | _aIn English. Summaries and some text in Japanese. | ||
| 650 | 1 | 7 |
_aCultuur. _2gtt |
| 651 | 0 |
_aJapan _xCivilization _vPeriodicals. |
|
| 651 | 6 |
_aJapon _xCivilisation _vPâeriodiques. |
|
| 710 | 2 | _aKokusai Nihon Bunka Kenkyهu Sentهa. | |
| 776 | 0 | 8 |
_iOnline version: _tJapan review _w(DLC) 2013235038 _w(OCoLC)608430583 |
| 905 |
_aJamal _eCat. |
||
| 905 | _eRev. | ||
| 942 |
_2ddc _cBK |
||
| 999 |
_c131463 _d131463 |
||